000 00590nam a2200205Ia 4500
005 20250923145150.0
008 008 250917s9999 xx 000 0 eng d
037 _aTextual
040 _aDSWL
_beng
_cDSWL
041 _aeng
_2eng
084 _aL7:4:691, N67;1
_qDSWL
100 _aStafford-Clark, D.
_9832438
245 0 _aPsychiatry for students
_cby D. Stafford-Clark
260 _aLondon
_bGeorge Allen & Unwin Ltd.
_c1967
300 _aix,148p.
365 _aINR
_b21
925 _g21
942 _cTEXL
_hL7:4:691, N67;1
999 _c1447945
_d1447945